000
00284nam a22001217a 4500
020
_a
07-034280-6
082
_a
668.42 KES'S
100
_a
KESTING, ROBERT E
_9
77000
245
_a
SYNTHETIC POLYMERIC MEMBRANES
260
_a
NEWYORK
_b
MCGRAW HILL
_c
1971
300
_a
307P
942
_c
BK
999
_c
582316
_d
582316